| 000 | 00957nam a2200217Ia 4500 | ||
|---|---|---|---|
| 999 |
_c50203 _d50203 |
||
| 001 | 17141 | ||
| 003 | GE_BSU | ||
| 005 | 20230710104708.0 | ||
| 008 | 181216s1961ge xx |||||||||||||| ||geo|| | ||
| 040 | _cGE_BSU | ||
| 041 | _ageo | ||
| 080 | _a087.5:94(479.22) გ-82 | ||
| 100 |
_aგრიგოლია, კონსტანტინე _919213 |
||
| 245 |
_aრას მოგვითხრობს ქართლის ცხოვრება / _cკონსტანტინე გრიგოლია, რედ. ნ.ბერძენიშვილი |
||
| 264 |
_aთბილისი : _bნაკადული, _c1961. |
||
| 300 |
_a195გვ. : _b ილ. ; _c22 სმ. |
||
| 653 | _aისტორია | ||
| 653 | _aრას მოგვითხრობს ქართლის ცხოვრება. | ||
| 700 |
_aბერძენიშვილი, ნ _eრედაქტორი _919214 |
||
| 942 |
_cBK _2udc |
||